CJ50 (Record no. 80908)

MARC details
000 -LEADER
fixed length control field 00952cab a22001935a 4500
001 - CONTROL NUMBER
control field L145631
008 - FIXED-LENGTH DATA ELEMENTS--GENERAL INFORMATION
fixed length control field 081027e20081022xxkd f s 000 0 eng d
035 ## - SYSTEM CONTROL NUMBER
System control number (Sirsi) u145631
041 0# - LANGUAGE CODE
Language code of text/sound track or separate title eng
100 1# - MAIN ENTRY--PERSONAL NAME
Personal name Stagg, James
245 00 - TITLE STATEMENT
Title CJ50
Remainder of title Carillion still in public eye
260 ## - PUBLICATION, DISTRIBUTION, ETC.
Date of publication, distribution, etc. 2008
490 #0 - SERIES STATEMENT
Series statement Contract Journal
Volume/sequential designation 445 (6697) 22 October 2008, 14-15 (2)
520 ## - SUMMARY, ETC.
Summary, etc. Monthly league table of new work winners, divided geographically and by sector. Carillion remains at the top position in September 2008 due to its contracts in the public sector. Laing O'Rourke remains at the top of the twelve-month total. Presents evolution by diagrams by sector for the last twelve months and for Sptember 2008. Shows diagram of total orders for the past 12 months. Lists the ten winners by region and by sector for the past 12 months.
590 ## - LOCAL NOTE (RLIN)
Local note KA
651 #4 - SUBJECT ADDED ENTRY--GEOGRAPHIC NAME
Geographic name United Kingdom
Chronological subdivision
690 ## - LOCAL SUBJECT ADDED ENTRY--TOPICAL TERM (OCLC, RLIN)
Topical term or geographic name as entry element BUILT ENVIRONMENT-CONSTRUCTION MARKET
942 ## - ADDED ENTRY ELEMENTS (KOHA)
Suppress in OPAC 0
Holdings
Withdrawn status Lost status Source of classification or shelving scheme Damaged status Not for loan Home library Current library Shelving location Date acquired Total Checkouts Full call number Barcode Date last seen Copy number Price effective from Koha item type
    Dewey Decimal Classification     London London Journal article 27/10/2008   L145631 145631-1001 06/08/2019 1 06/08/2019 Journal article